| 000 | 01208nam a2200289 a 4500 | ||
|---|---|---|---|
| 001 | 000019144 | ||
| 005 | 20200929165932.0 | ||
| 008 | 100527s1993 sp r 000 f spa d | ||
| 020 | _a8475063799 (vol.1) | ||
| 020 | _a8475063802 (vol.2) | ||
| 040 |
_aDO-SdBNP _bspa _cBNPHU |
||
| 082 |
_a868.3 _bG731o |
||
| 100 | 1 |
_aGracián y Morales, Baltasar, _d1601-1658 _93393 |
|
| 245 | 1 | 0 |
_aObras completas de Baltasar Gracián / _cBaltasar Gracián ; editor Manuel Arroyo Stephens. |
| 260 |
_aMadrid : _bTuner Libros, _c1993. |
||
| 300 |
_a2 v. ; _c23 cm. |
||
| 490 | 1 | _aBiblioteca Castro | |
| 505 | 0 |
_gv.1. _tel criticón -- _gv.2. _tEl héroe.-- El político.-- El discreto.-- El oráculo manual y arte de prudencia.--Agudeza y arte de ingenio.-- El comulgatorio.-- Escritos menores. |
|
| 590 | _aInventariado, 2019/MFF | ||
| 600 | 1 | 4 |
_aGRACIÁN Y MORALES, BALTASAR, _d1601-1658 _93393 |
| 650 | 4 |
_aAutores españoles _yPERÍODO CLÁSICO, 1500-1700 _941196 |
|
| 650 | 4 |
_aLiteratura española _ySIGLO XVI-XVII _941197 |
|
| 700 | 1 |
_aArroyo Stephens, Manuel, _eed. _934595 |
|
| 710 | 2 |
_aFundación José Antonio de Castro _941198 |
|
| 830 | 0 |
_aBiblioteca Castro _912631 |
|
| 910 | _aValidado. Control de calidad MFF | ||
| 999 |
_c18662 _d18662 |
||